000 00379nam a2200169Ia 4500
001 7661
003 GE_BSU
008 181216s||||||||xx |||||||||||||| ||und||
040 _cGE_BSU
245 _aLe point.№2134.2013.
260 _aParis.
260 _c2013.
300 _a98p.27cm.
653 _aLe point.№2134.2013.
653 _aპერიოდიკა
942 _cCR
999 _c41013
_d41013